000 00676nam a2200193 i 4500
001 69669
003 ES-MaACL
005 20250630001406.0
007 t|
008 040708s1984 sp f |||| | spa d
100 1 _aGarcía Galán, Alejandro.
_954633
245 1 0 _aHallazgo de una lápida mortuoria en "Las Yuntas" (Capilla) /
_cpor Alejandro García Galán.
260 _aBadajoz :
_bDiputación Provincial de Badajoz,
_c1984.
300 _a7 p., 1 lám. ;
_c25 cm.
650 4 _aMonumentos funerarios-
_zBadajoz (Provincia)
_9166638
710 1 _aBadajoz (Provincia).
_bDiputación Provincial
_92081
852 _aES-MaACL
_j2135-F-30
999 _c69669
_d69669